Andrew Johnson Trivia - Statistics

General Stats
  • This quiz has been taken 11 times
  • The average score is 6 of 10
Answer Stats
# Questions Answer % Correct
1 What political party was Johnson a member of? Democratic
100%
10 Johnson was impeached but aquitted by one vote. Thismakes him the first out of four presidents to face impeachment. name one of the other three. Richard Nixon/Bill Clinton/Donald Trump
80%
6 What amendment did Johnson oppose? (just the number) 14
70%
4 Who was Johnson vice president for? Abraham Lincoln
70%
3 What state was Johnson a senator of? Tennessee
70%
2 What US state was Johnson born in? North Carolina
60%
9 Johnson never attended what as a child or teen? School
60%
8 Who served as president after Johnson? Ulysses S. Grant
60%
5 Besides politician, what job did Johnson have? Tailor
30%
7 Before 1839, what political party was Johnson part of? Independent
10%
No matching quizzes found
Score Distribution
Percent of People with Each Score
Percentile by Number Answered
Your Score History
You have not taken this quiz